00909nam a22002297a 450000100060000000300080000600500170001400800410003103500190007204000350009104100080012608200220013410000270015624501800018326000700036330000350043350200770046850400320054565000120057770000470058970000430063681304BD-RjUL20240118152027.0230322s2019 bg a|||| m||| 00| 0 eng d a(BD-RjUL)81304 aBD-RjULbengcBD-RjULdBD-RjUL aeng 223a677bRAB 2019 aRahman, Sk. Md. Atiqur10aBioremediation of textile effluent dyes by indigenous bacteria / cBy Sk. Md. Atiqur Rahman ;6Principal Supervisor : Ananda Kumar Saha, Co-Supervisor : Moni, Krishno Mohanta. aRajshahi :bDepartment of Zoology, University of Rajshahi,c2019. a1 -82 leaves :bill, ;c29.cm. aThesis (M. Phil.) -- Department of Zoology, University of Rajshahi, 2019 aReferences : Leaves 74 - 82 aTextile aSaha, Ananda, Kumar, Principal Supervisor  aMohanta, Moni, Krishno, Co-Supervisor